Geography Quiz

Random Geography or Food Quiz

Food Origins Quiz Stats

Quiz not verified by Sporcle

Also try: Is It In Europe?
Challenge
Share
Tweet
Embed
Score 0/11 Timer 05:00
0 Plays Today
% Correct
???
84.4%
???
78%
???
65.4%
???
62%
???
54.1%
???
52.2%
???
28.3%
???
27.3%
???
24.4%
???
23.4%
???
12.7%

You're not logged in!

Compare scores with friends on all Sporcle quizzes.
Join for Free
OR
Log In

You Might Also Like...

Show Comments

Extras

Created Nov 6, 2016ReportNominate
Tags:Food Quiz, origin

Top Quizzes Today


Score Distribution

Your Account Isn't Verified!

In order to create a playlist on Sporcle, you need to verify the email address you used during registration. Go to your Sporcle Settings to finish the process.

Report this User

Report this user for behavior that violates our Community Guidelines.

Details: